MDQL
is popping MORE tags! Check the
thread
!
Quizzes
Events
Quiz Creation
Community
Videos
Private Events
Remove Ads
Sign In
Join for FREE
Feedback
Dark Mode
Quiz Categories
Sports
Geography
Music
Movies
Television
Just For Fun
Miscellaneous
History
Literature
Language
Science
Gaming
Entertainment
Religion
Holiday
For Kids
Quiz Lab
Recent
Popular Today
Quiz Kudos Today
Editor Picks
Curator Picks
Quizzes by...
Day
Popularity
Type
Ratings
Length
Year
Community
Subscriptions
Recent Discussions
Orange Saloon
Badges
Playlists
Quests
Create
Leaderboards
Showdown
Live 5
Trivia Bingo
Activity
Puzzle Library
Sporcle Events
Private Events
Virtual Trivia
Globe League
Become a Host
Pub Owners
SporcleCon
Opinionation
Our Games
Videos
Blog
Mobile Apps
Partnerships
Remove Ads and Go Orange
Feedback
Movies
Disney
Marvel Cinematic Universe
Movie Resume
Movie Titles
Oscar
Actor
Actress
Director
Pixar
Role
Movie Quotes
Movie Characters
Box Office
Nominee
Best Picture
Star Wars
James Bond
Horror Movies
Movies
Disney
Marvel Cinematic Universe
Movie Resume
Movie Titles
Oscar
Actor
Actress
Director
Pixar
Role
Movie Quotes
Movie Characters
Box Office
Nominee
Best Picture
Star Wars
James Bond
Horror Movies
Random Quiz
Search Sporcle
×
Quiz Lab
Quiz Lab
Movies
Actor
Type in answers that appear in a list
Type in answers that appear in a list
Classic
Best Score? Go Orange.
Name The 3 Leading Actors Stats
Can you name the 3 leading actors from each movie?
By
spurtle
20m
100 Questions
251 Plays
251 Plays
251 Plays
Comments
Comments
Give Quiz Kudos
Give Quiz Kudos
-
- Ratings
hide this ad
More Info
Replay
Link that replays current quiz
Next Quiz
Link to next quiz in quiz playlist
You Got
0%
They Got
Avg Score
32%
Avg Friend Score
Upgrade to see
Score Distribution
Jump to the score distribution portion of the page
Score
0/100
Timer
20:00
0
Plays Today
Movie
Actors
% Correct
Charlies Angels
Cameron Diaz, Drew Barrymore, Lucy Liu
74.1%
Shrek
Mike Myers, Eddie Murphy, Cameron Diaz
72.9%
Pirates Of The Caribbean: The Curse Of The Black Pearl
Johnny Depp, Orlando Bloom, Keira Knightley
70.5%
Million Dollar Baby
Clint Eastwood, Hilary Swank, Morgan Freeman
70.1%
Goodfellas
Robert De Niro, Ray Liotta, Joe Pesci
62.9%
The Prestige
Hugh Jackman, Michael Caine, Christian Bale
61.4%
Speed
Keanu Reeves, Sandra Bullock, Dennis Hopper
61.4%
Jerry Maguire
Tom Cruise, Renee Zellweger, Cuba Gooding Jr
60.2%
The Three Amigos
Steve Martin, Martin Short, Chevy Chase
59%
Bull Durham
Kevin Costner Tim Robbins Susan Sarandon
58.2%
Gangs Of New York
Leonardo DiCaprio, Cameron Diaz, Daniel Day-Lewis
56.2%
Batman
Michael Keaton, Kim Basinger, Jack Nicholson
53.8%
Ghost
Patrick Swayze, Demi Moore, Whoopi Goldberg
52.2%
The Departed
Leonardo DiCaprio, Matt Damon, Jack Nicholson
52.2%
Fight Club
Brad Pitt, Edward Norton, Helena Bonham Carter
51.4%
No Country For Old Men
Josh Brolin, Tommy Lee Jones, Jarvier Bardem
51%
King Kong (2005)
Jack Black, Adrien Brody, Naomi Watts
51%
Unforgiven
Clint Eastwood, Gene Hackman, Morgan Freeman
49.4%
Swordfish
Hugh Jackman, John Travolta, Halle Berry
49.4%
Harry Potter And The Prisoner Of Azkaban
Daniel Radcliffe, Emma Watson, Rupert Grint
49.4%
Some Like It Hot
Jack Lemmon, Marilyn Monroe, Tony Lee Curtis
48.2%
Bruce Almighty
Jim Carrey, Jennifer Aniston, Morgan Freeman
48.2%
Die Hard: With A Vengeance
Bruce Willis, Samuel L Jackson, Jeremy Irons
45.8%
Iron Man
Robert Downey Jr, Gwyneth Paltrow, Jeff Bridges
43.8%
Doubt
Meryl Streep, Philip Seymour Hoffman, Amy Adams
43.8%
Casino
Robert De Niro, Joe Pesci, Sharon Stone
42.2%
The Rock
Sean Connery, Nicholas Cage, Ed Harris
41.8%
Chicago
Renee Zellweger, Catherine Zeta-Jones, Richard Gere
41.8%
Leon
Jean Reno, Natalie Portman, Gary Oldman
40.2%
Pearl Harbour
Ben Affleck, Josh Hartnett, Kate Beckinsale
39.4%
Schindler's List
Liam Neeson, Ben Kingsley, Ralph Fiennes
38.6%
The Talented Mr Ripley
Matt Damon, Jude Law, Gwyneth Paltrow
38.2%
Romancing The Stone
Michael Douglas, Kathleen Turner, Danny DeVito
37.8%
Bridget Jones's Diary
Renee Zellweger, Colin Firth, Hugh Grant
37.5%
Movie
Actors
% Correct
Indecent Proposal
Robert Redford, Woody Harrelson, Demi Moore
37.1%
Forrest Gump
Tom Hanks, Robin Wright, Gary Sinise
37.1%
You, Me And Dupree
Kate Hudson, Owen Wilson, Matt Dillion
36.7%
Three Men And A Little Baby
Tom Selleck, Ted Danson, Steve Guttenberg
36.3%
First Wives Club
Diane Keaton, Goldie Hawn, Bette Midler
35.9%
Three Kings
George Clooney, Mark Wahlberg, Ice Cube
35.9%
I Now Pronounce You Chuck And Larry
Adam Sandler, Kevin James, Jessica Biel
34.7%
A Fish Called Wanda
John Cleese, Jamie Lee Curtis, Kevin Kline
33.5%
The Sixth Sense
Bruce Willis, Haley Joel Osment, Toni Collette
33.5%
On Golden Pond
Henry Fonda, Katharine Hepburn, Jane Fonda
31.9%
Jaws
Roy Scheider, Robert Shaw, Richard Dreyfuss
31.5%
Avatar
Sam Worthington, Zoe Saldana, Sigourney Weaver
31.5%
Driving Miss Daisy
Jessica Tandy, Morgan Freeman, Dan Aykroyd
31.1%
Home Alone
Macaulay Culkin, Joe Pesci, Daniel Stern
31.1%
The Devil's Advocate
Keanu Reeves, Al Pacino, Charlize Theron
30.3%
Easy Rider
Dennis Hopper, Peter Fonda, Jack Nicholson
28.7%
Glory
Matthew Broderick, Denzel Washington, Morgan Freeman
28.7%
Adaptation
Nicolas Cage, Meryl Streep, Chris Cooper
27.5%
Lions For Lambs
Tom Cruise, Robert Redford, Meryl Streep
27.1%
The Philadelphia Story
James Stewart, Katharine Hepburn, Cary Grant
27.1%
Monsters Inc.
John Goodman, Billy Crystal, Steve Buscemi
26.7%
Working Girl
Harrison Ford, Melanie Griffith, Sigourney Weaver
25.9%
The Graduate
Dustin Hoffman, Katherine Ross, Anne Bancroft
25.5%
Death Becomes Her
Bruce Willis, Meryl Streep, Goldie Hawn
25.5%
The Producers (2005)
Matthew Broderick, Uma Thurman, Nathan Lane
25.5%
The Terminator
Arnold Schwarzenegger, Linda Hamilton, Michael Biehn
25.1%
Wall Street
Charlie Sheen, Michael Douglas, Daryl Hannah
24.7%
The Hours
Nicole Kidman, Julianne Moore, Meryl Streep
24.7%
Chinatown
Jack Nicholson, Faye Dunaway, John Huston
24.3%
Deliverance
Jon Voight, Burt Reynolds, Ned Beatty
22.7%
The Sting
Paul Newman, Robert Redford, Robert Shaw
22.3%
Blade Runner
Harrison Ford, Rutger Hauer, Sean Young
22.3%
Terms Of Endearment
Jack Nicholson, Shirley MacLaine, Debra Winger
22.3%
Bad Boys
Will Smith, Martin Lawrence, Tea Leoni
21.9%
Movie
Actors
% Correct
The Score
Robert De Niro, Marlon Brando, Edward Norton
21.5%
12 Monkeys
Bruce Willis, Madeleine Stowe, Brad Pitt
21.1%
A League Of Their Own
Geena Davis, Tom Hank, Lori Petty
20.7%
Superbad
Jonah Hill, Michael Cera, Christopher Mintz-Plasse
20.7%
The Cider House Rules
Michael Caine, Tobey Maguire, Charlize Theron
20.7%
Dead Calm
Nicole Kidman, Sam Neill, Billy Zane
19.9%
Ghost World
Thora Birch, Scarlet Johansson, Steve Buscemi
19.9%
Cape Fear (1991)
Robert De Niro, Nick Nolte, Jessica Lange
19.1%
Memento
Guy Pearce, Carrie-Ann Moss, Joe Pantoliano
19.1%
The China Syndrome
Jack Lemmon, Jane Fonda, Michael Douglas
18.7%
Ransom
Mel Gibson, Gary Sinise, Rene Russo
18.3%
The Color Of Money
Paul Newman, Tom Cruise, Mary Elizabeth Mastrantonio
17.9%
The People Vs Larry Flint
Woody Harrelson, Edward Norton, Courtney Love
17.5%
Honeymoon In Vegas
Nicolas Cage, Sarah Jessica Parker, James Caan
17.5%
This Is Spinal Tap
Christopher Guest, Harry Shearer, Michael McKean
17.1%
In The Line Of Fire
Clint Eastwood, John Malkovich, Rene Russo
17.1%
Face Off
Nicholas Cage, John Travolta, Joan Allen
16.7%
The Good The Bad And The Ugly
Clint Eastwood, Eli Wallach, Lee Van Cleef
16.3%
North By Northwest
Cary Grant, James Mason, Eva Marie Saint
15.1%
Zodiac
Jake Gyllenhaal, Mark Ruffalo, Robert Downey Jr
15.1%
Silkwood
Cher, Meryl Streep, Kurt Russell
14.7%
To Die For
Nicole Kidman, Matt Dillon, Joaquin Phoenix
13.5%
Iris
Judi Dench, Kate Winslet, Jim Broadbent
13.5%
It's A Wonderful Life
James Stewart, Donna Reed, Lionel Barrymore
13.1%
Unbreakable
Bruce Willis, Samuel L Jackson,Robin Wright
13.1%
Who Framed Roger Rabbit?
Bob Hoskins, Christopher Lloyd, Kathleen Turner
12.4%
The Client
Brad Renfro, Susan Sarandon, Tommy Lee Jones
11.2%
Hollow Man
Kevin Bacon, Elizabeth Shue, Josh Brolin
10.8%
Star Trek
Chris Pine, Zachary Quinto, Eric Bana
10.4%
Family Business
Sean Connery, Dustin Hoffman, Matthew Broderick
10.4%
Dirty Rotten Scoundrels
Steve Martin, Michael Caine, Glenne Headly
8.8%
Shallow Grave
Ewan McGregor, Christopher Ecclestone, Kerry Fox
3.2%
Quiz Playlist
Details
Report
Send in Message
Add To Playlist
More Info:
Works via last names only. Some are more obvious and some I have used my own discretion for, which should hopefully add to the challenge.
Classic:
Type in answers that appear in a list
Last Updated: Feb 16, 2017
Quiz Scoreboard
CHALLENGE
Sign Up to Join the Scoreboard
Show All
Scores
Hide
Comments
May contain spoilers
Recently Published
Colored Red Africa Blitz
by spor1
Geography
30s
Find the 'City' Movie
by crazypaving
Movies
60s
5x2 Blitz: Bands
by SL_Kpop136
Music
30s
More to Explore
Quiz From the Vault
Featured Blog Post
14 Easter Pick-up Lines to Find Eggs With
hide this ad
You Might Also Like...
Tags
Actor Quiz
Leading
Today's Top Quizzes in Movies
Browse Movies
hide this ad
Today's Top Quizzes in Actor
Browse Actor
Top Contributed Quizzes in Movies
1
Find The 'Big' Movie
2
Find The 'Wild' Movie
3
Find The 'Blue' Movie
4
Movies By Plot
5
Pick 5 Posters: Directed by Spielberg
6
Hidden Star Wars Character II
7
Hidden Star Wars Character III
8
Hidden Star Wars Character IV
9
Alfred Hitchcock Movies by Plot
10
Hidden Star Wars Character V
Explore More
Trending Topics
Harry Potter
Crossword
Anime
Kpop
Marvel
Disney
NBA
The Office
WWE
Puzzle
NFL
Pokémon
Soccer
Country
Song
hide this ad
More By:
spurtle
Quiz
Plays
Rating
Category
Featured
Created
100 Most Disturbing Movie Scenes
3,295
2.93
Movies
Mar 21, 2010
Find The 6 Letter Movie - Match Up
1,008
4.85
Movies
Jul 9, 2013
Actors - Husband and Wife match
705
2.60
Movies
Apr 15, 2012
Tottenham Hotspurs Players (Best to Worst)
557
2.00
Sports
May 6, 2010
British Comedies and their Catchphrases
467
4.67
Television
Jan 29, 2013
Go to Creator's Profile
Score Distribution
Quiz Creator Spotlight
spurtle
Follow
Send a Message
Quizzes Created
-
Created Quiz Play Count
-
More By This Creator
Popular Quizzes Today
1
Find the 'City' Movie
2
5x2 Blitz: Bands
3
Colored Red Africa Blitz
4
Find the US States - No Outlines Minefield
5
The Countries of the World
6
Find the US States
7
9x9 Crossword: Cartoon Network
8
US States
More Movies Quizzes
Movies by Script Opening
Published
Trending Quizzes
Colored Red Europe Blitz I
Colored Red Africa Blitz II
Colored Red Africa Blitz III
Colored Red Europe Blitz III
Colored Red Europe Blitz II
Recently Updated
Champions League XIs: Real Madrid
pecheneg
Largest US Cities 1790-2010
pecheneg
Rides in Walt Disney World
pecheneg
Most Oscar Losses (Acting)
pecheneg
Beyoncé Albums
pecheneg
Leaping Animals
pecheneg
Reality TV Shows (A-Z)
bhenderson79
Rickey Henderson's Hall of Fame Teammates
pecheneg
Champions League XIs: Arsenal
pecheneg
Quick Pick: Celebrities in WWE's Hall of Fame
aduchscher
Trending Topics
Marvel
Disney
Harry Potter
Anime
NBA
Kpop
Crossword
Pokémon
Song
Puzzle
The Office
WWE
Country
Soccer
NFL
Your Account Isn't Verified!
In order to create a playlist on Sporcle, you need to verify the email address you used during registration. Go to your
Sporcle Settings
to finish the process.
Report this User
Report this user for behavior that violates our
Community Guidelines
.
Details:
Send Report
Go to the Sporcle.com Mobile Site →
Comments